000 00924nam a2200301Ia 4500
001 23413
003 IT-RoPAU
008 130308s9999 xx 000 0 und d
040 _aIT-RoPAU
040 _cIT-RoPAU
041 _aINGLESE
100 _aHughes William
100 _gCodice Aut. SPICS: 6996
245 _aEvaluation of Film as Evidence (The)
245 _bHistorian And Film (The)
250 _a1a ed.
260 _aCAMBRIDGE
260 _bCambridge University Press
260 _c1978 [1° Ed.:1976 - Ed.Ling.Originale:1976]
300 _a"31 p. (prefazione: no ; testo: 31 [pagine: 49-79])"
500 _aValutazione del Film Film Come Linguaggio Realtà e Illusione Film Come Specchio della Realtà e Sorgente di Storia Film Storico Film Come Messaggio
650 _aSAGGI SUL CINEMA
650 _eCodice materia Spics: 6811
942 _cBK
957 _71
999 _c55288
_d55288
999 _bSI
999 _g1